000 00432nam a2200145 4500
999 _c10252
_d10252
008 180809b ||||| |||| 00| 0 eng d
022 _a2094-8042
082 _aDPer 370.105 M72 Jan-Dec 2011
100 _930240
_aFlorerpina R. Tindoc
245 _aMy principal/
_cFlorcepina R. Tindoc.
260 _aPhilippines;
_bIn The Grade School, Inc.,
_cc2011.
300 _av60 n1, page 22;
_c27cm.
650 0 _930241
_a1
942 _2ddc
_cPER